Statistics for World Top 100 airports 2018

Click here to take the quiz!

General Stats

  • This quiz has been taken 127 times
  • The average score is 60 of 100

Answer Stats

HintAnswer% Correct
28London City
97%
54London Gatwick
97%
8London Heathrow
97%
69New york JFK
95%
37Paris Charles de gualle
95%
33Beijing Capital
92%
72Los Angeles
92%
3Tokyo Haneda
91%
11Tokyo Narita
91%
85Rome Fiumicino
89%
1Singapore Changi
89%
12Amsterdam
88%
42Barcelona
88%
18Shanghai Hongqiao
88%
43Madrid
87%
23Dubai
86%
51San Francisco
86%
50Atlanta
85%
36Bangkok Suvarnabhumi
85%
66Delhi
85%
74Moscow Domodedovo
85%
68Moscow Sheremetyevo
85%
63Mumbai
85%
62Seattle
84%
40Seoul Gimpo
84%
2Seoul Incheon
84%
10Frankfurt
82%
41Toronto Pearson
82%
14Vancouver
82%
6Munich
81%
61Oslo
81%
58Stockholm Arlanda
81%
56Dallas Fortworth
80%
16Helsinki
80%
20Sydney
80%
4Hong Kong
79%
27Melbourne
79%
99Houston Hobby
78%
48Houston International
78%
32Johannesburg
78%
44Kuala Lumpur
78%
39Athens
77%
91Brussels
77%
19Copenhagen
77%
80Dublin
77%
45Jakarta
76%
57lisbon
76%
13Osaka Kansai
76%
59Perth
74%
53Abu Dhabi
73%
89Boston
73%
24Auckland
71%
21Cape Town
71%
9Zurich
71%
67Montreal
70%
17Vienna
70%
90Budapest
69%
95Warsaw
68%
22Brisbane
65%
5Doha Hamad
65%
29Denver
64%
92Prague
64%
25Hamburg
63%
78Adelaide
62%
82Hanoi
58%
30Dusseldorf
51%
88Detroit
48%
79Minneapolis Saint Paul
47%
98Nice
47%
49Lima
44%
46Bogota
43%
71Porto
43%
60Chengdu
41%
52Christchurch
38%
86Birmingham
37%
38Xi'an
36%
26Durban
35%
84Shenzhen
34%
47Quito
26%
64Bangalore
24%
94Panama
24%
75Hyderabad
21%
100Fukuoka
20%
73Bahrain
18%
34Cincinnati
14%
55Gold Coast
14%
76Malta
12%
96Medina
12%
65Baku
11%
77Halifax
10%
93Raleigh Durham
10%
70Guayaquil
9%
35Haikou
5%
97Mauritius
3%
81Sanya
3%
15Taiwan Taoyuan
3%
87Billund
2%
83Pheonix
2%
7Centrair Nagoya
1%
31Cologne/Bonn
1%

Score Distribution

Percentile by Number Answered

Percent of People with Each Score

Your Score History

You have not taken this quiz